000 00523nam a2200181Ia 4500
008 240729s9999 xx 000 0 und d
022 _a2241-424X
245 0 _aSPOUDAI - Journal of Economics and Business
260 _aGreece
260 _bUniversity of Piraeus, Greece
650 _a Business | Social Sciences
650 _a Commerce
650 _a Economic theory. Demography
650 _aSocial Sciences
856 _uhttps://doaj.org/toc/f6ee88a073f04badaeacc2995a9cb82e
942 _2ddc
942 _cDOAJEJ
999 _c69946
_d69946
945 _a1
_bMadushi Gamage
_c1
_dMadushi Gamage